01425nac a22003011u 4500999001500000003000900015005001700024008004100041020001500082020001800097040004300115082002300158100004300181245009000224264008300314300002800397336002600425337002800451338002700479504005100506520029000557650002900847653002600876655001700902700004100919942002700960952013600987 c3460d3460EG-ScBUE20200206131944.0200206s2006 enk f b 001 0 eng d a0335219330 a9780335219339 aEG-ScBUEbengerdacEG-ScBUEdEG-ScBUE04a808.06637bMUR2221 aMurray, Rowena, eauthor.14aThe handbook of academic writingb a fresh approach /cRowena Murray and Sarah Moore. 1aBerkshire, England ;aNew York :bMcGraw-Hill :bOpen University Press,c2006. axiv, 196 pages ;c24 cm 2rdacontentatextbtxt 2rdamediaaunmediatedbn 2rdacarrieravolumebnc aIncludes bibliographical references and index. aAimed at academics, this book offers practical advice. It defines what academic writing is, and the process of getting started through to completion, covering topics such as gaining momentum, reviewing and revising, self-discipline, writing regularly, and writers' groups and retreats. 7aAcademic writing.2BUEsh bHHUUEENNcJanuary2020 vReading book1 aMoore, Sarah‏q(Sarah M.)eauthor. cBBk808.06637 MUR2ddc 00102ddc40708BaccahaMAINbMAINc2NDd2016-04-07ePurchasel4m3o808.06637 MURp000046679r2025-07-15 00:00:00s2018-09-23yBB